Statistics for Country Decoders #1

Click here to take the quiz!

General Stats

  • This quiz has been taken 21,543 times
    (20,769 since last reset)
  • The average score is 20 of 32

Answer Stats

Hint Answer % Correct
Scientist who proposed relativityEinstein
92%
Country NameGermany
90%
Not westernEastern
88%
Sea between Africa & EuropeMediterranean
87%
Brothers who collected fairy talesGrimm
86%
Country NameMorocco
81%
One of Europe's longest riversRhine
80%
Neighboring countryAustria
79%
Fruit used to make oilOlive
78%
Infamous hairy pirateBlackbeard
72%
Sea bordered by this countryNorth
71%
Country NameBahamas
70%
Desert refugeOasis
70%
Country NameVietnam
68%
"You" in French, formallyVous
67%
Word that means "island chain"Archipelago
63%
Movie with Bergman & BogartCasablanca
58%
Wintertime pagan holidayYule
57%
Second largest island in the CaribbeanHispaniola
56%
What King Edward VIII did in 1936Abdicated
56%
Military herbicide: _____ OrangeAgent
55%
Capital of this countryRabat
55%
Not occidentalOriental
55%
2005 Spielberg Olympics dramaMunich
52%
Clash song: Rock the ______Casbah
51%
Largest city within 100 miles of this countryMiami
49%
Ring-shaped coral reefAtoll
46%
America's Cup sportSailing
44%
Most common family name in this countryNguyen
44%
Peninsula this country is located onIndochina
41%
River flowing through 6 countriesMekong
39%
Lunar New Year celebrationTet
27%

Score Distribution

Percentile by Number Answered

Percent of People with Each Score

Your Score History

You have not taken this quiz since the last reset